Devízová politika v procese transformácie Slovenskej republiky
Odporúčania Medzinárodného menového fondu stredo a východoeurópskym štátom. Formovanie konvertibility slovenskej koruny. Devízový kurz a konvertibilita slovenskej koruny. Používanie voľne pohyblivých devízových kurzov. Zavedenie jednotnej meny euro. Menová stabilita slovenskej koruny.
Guardado en:
| Autor principal: | |
|---|---|
| Formato: | Capítulo de libro |
| Lenguaje: | eslovaco |
| Materias: | |
| Etiquetas: |
Sin Etiquetas, Sea el primero en etiquetar este registro!
|
MARC
| LEADER | 00000naa a2200000 4500 | ||
|---|---|---|---|
| 001 | r033490 | ||
| 005 | 20221130064054.3 | ||
| 041 | 0 | |a slo | |
| 044 | |a SK | ||
| 245 | 1 | 0 | |a Devízová politika v procese transformácie Slovenskej republiky |c Anežka Jankovská |
| 520 | |a Odporúčania Medzinárodného menového fondu stredo a východoeurópskym štátom. Formovanie konvertibility slovenskej koruny. Devízový kurz a konvertibilita slovenskej koruny. Používanie voľne pohyblivých devízových kurzov. Zavedenie jednotnej meny euro. Menová stabilita slovenskej koruny. | ||
| 610 | 2 | 0 | |a politika devízová |
| 610 | 2 | 0 | |a transformácia |
| 610 | 2 | 0 | |a Slovensko |
| 610 | 2 | 0 | |a konvertibilita |
| 610 | 2 | 0 | |a koruna |
| 610 | 2 | 0 | |a kurz devízový |
| 610 | 2 | 0 | |a Európska menová únia |
| 610 | 2 | 0 | |a euro |
| 610 | 2 | 0 | |a kurz výmenný pohyblivý |
| 610 | 2 | 0 | |a Medzinárodný menový fond |
| 610 | 2 | 0 | |a SVE |
| 100 | 1 | |a Jankovská, Anežka | |